ARRUPE JESUIT UNIVERSITY

CORONAVIRUS -STOP THE SPREAD - CLEAN,DISINFECT,COVER

The mind's I : (Record no. 131002)

MARC details
000 -LEADER
fixed length control field 01304cam a2200361 a 4500
001 - CONTROL NUMBER
control field 1844416
003 - CONTROL NUMBER IDENTIFIER
control field ARRUPE
005 - DATE AND TIME OF LATEST TRANSACTION
control field 20211027112548.0
008 - FIXED-LENGTH DATA ELEMENTS--GENERAL INFORMATION
fixed length control field 810812s1981 nyua b 001 0 eng
010 ## - LIBRARY OF CONGRESS CONTROL NUMBER
LC control number 81066099
020 ## - INTERNATIONAL STANDARD BOOK NUMBER
International Standard Book Number 046504624X
040 ## - CATALOGING SOURCE
Original cataloging agency DLC
Transcribing agency DLC
Modifying agency DLC
050 00 - LIBRARY OF CONGRESS CALL NUMBER
Classification number B29
Item number .H58
082 00 - DEWEY DECIMAL CLASSIFICATION NUMBER
Classification number 126
Edition number 19
300 ## - PHYSICAL DESCRIPTION
Other physical details ill. ;
Dimensions 24 cm.
100 1# - MAIN ENTRY--PERSONAL NAME
Personal name Hofstadter, Douglas R.,
Dates associated with a name 1945-
9 (RLIN) 50489
245 14 - TITLE STATEMENT
Title The mind's I :
Remainder of title fantasies and reflections on self and soul /
Statement of responsibility, etc composed and arranged by Douglas R. Hofstadter and Daniel C. Dennett.
260 ## - PUBLICATION, DISTRIBUTION, ETC. (IMPRINT)
Place of publication, distribution, etc New York :
Name of publisher, distributor, etc Basic Books,
Date of publication, distribution, etc c1981.
300 ## - PHYSICAL DESCRIPTION
Extent vii, 501 p. :
500 ## - GENERAL NOTE
General note Includes selected writings of Jorge Luis Borges and others with relections by the authors.
500 ## - GENERAL NOTE
General note Includes index.
504 ## - BIBLIOGRAPHY, ETC. NOTE
Bibliography, etc Bibliography: p. [465]-482.
650 #0 - SUBJECT ADDED ENTRY--TOPICAL TERM
Topical term or geographic name as entry element Self (Philosophy)
9 (RLIN) 17967
650 #0 - SUBJECT ADDED ENTRY--TOPICAL TERM
Topical term or geographic name as entry element Self (Philosophy)
Form subdivision Literary collections.
9 (RLIN) 50728
650 #0 - SUBJECT ADDED ENTRY--TOPICAL TERM
Topical term or geographic name as entry element Intellect.
9 (RLIN) 14396
650 #0 - SUBJECT ADDED ENTRY--TOPICAL TERM
Topical term or geographic name as entry element Intellect
Form subdivision Literary collections.
9 (RLIN) 50729
650 #0 - SUBJECT ADDED ENTRY--TOPICAL TERM
Topical term or geographic name as entry element Consciousness.
650 #0 - SUBJECT ADDED ENTRY--TOPICAL TERM
Topical term or geographic name as entry element Consciousness
Form subdivision Literary collections.
9 (RLIN) 50730
650 #0 - SUBJECT ADDED ENTRY--TOPICAL TERM
Topical term or geographic name as entry element Soul.
9 (RLIN) 32846
650 #0 - SUBJECT ADDED ENTRY--TOPICAL TERM
Topical term or geographic name as entry element Soul
Form subdivision Literary collections.
9 (RLIN) 50731
700 1# - ADDED ENTRY--PERSONAL NAME
Personal name Dennett, D. C.
Fuller form of name (Daniel Clement)
9 (RLIN) 14547
906 ## - LOCAL DATA ELEMENT F, LDF (RLIN)
a 7
b cbc
c orignew
d 1
e opcn
f 19
g y-gencatlg
942 ## - ADDED ENTRY ELEMENTS (KOHA)
Source of classification or shelving scheme Library of Congress Classification
Koha item type Monograph ( Printed materials)
Holdings
Withdrawn status Lost status Source of classification or shelving scheme Damaged status Not for loan Collection code Home library Current library Shelving location Date acquired Total Checkouts Full call number Barcode Date last seen Price effective from Koha item type
    Library of Congress Classification     Main Collection ARRUPE LIBRARY ARRUPE LIBRARY Main Collection 27/10/2021   B29 .H58 46600006978 27/10/2021 27/10/2021 Monograph ( Printed materials)

 

Arrupe Library. PO Box MP320 Mt Pleasant, Harare, Zimbabwe
263 242 745411|librarian@aju.ac.zw